Obras de Sta. Teresa de Jesús

Saved in:
Bibliografiske detaljer
Format: Bog
Sprog:spansk
Udgivet: Burgos Tipografía de El Monte Carmelo 1915
Udgivelse:1a. ed
Serier:Biblioteca Mística Carmelitana
Fag:
Tags: Tilføj Tag
Ingen Tags, Vær først til at tagge denne postø!

MARC

LEADER 00000cam a2200000 a 4500
001 UCD1924
003 CL-VaPUC
008 160407e19150000sp |||||||||||||||||spa|d
082 0 4 |a 248.8943  |b OBR  |2 21 
245 1 0 |a Obras de Sta. Teresa de Jesús 
250 |a 1a. ed 
300 |a t 
942 |c BK 
945 |d 20160407 22:06:00  |a dcastane 
260 |a Burgos  |b Tipografía de El Monte Carmelo  |c 1915 
500 |a t.1: libro de la vida 
500 |a t.2: relaciones espirituales 
500 |a t.4: moradas. Conceptos. Exclamaciones 
500 |a t.6: constituciones. Modo de visitar los conventos. Avisos. Desafío espiritual. Vejamen. Pensamientos. Poesías 
500 |a t.7: epistolario I 
500 |a t.8. espistolario II 
500 |a t.9: espistolario III 
600 0 7 |a SANTA TERESA DE JESUS  |2 CL-VaPUC  |9 313710 
650 0 |a Vida religiosa  |9 257284 
650 0 |a Vida espiritual  |9 307811 
583 |a last modification  |c 20160407 22:06:00  |k Rodrigo Vera 
490 0 |a Biblioteca Mística Carmelitana 
999 |c 363132  |d 363130 
952 |0 0  |1 0  |3 erd  |4 0  |6 248_894300000000000_OBR_1915  |7 0  |8 X  |9 474942  |a BIBTEO  |b BIBTEO  |c TEO_FFR  |h t.1  |i 5279860  |o 248.8943 OBR 1915  |p 5279860  |r 2024-01-18  |w 2019-11-24  |y BK_X  |z Catalogado en:20160407  |k OFM 
952 |0 0  |1 0  |3 erd  |4 0  |6 248_894300000000000_OBR_1915  |7 0  |8 X  |9 474943  |a BIBTEO  |b BIBTEO  |c TEO_FFR  |h t.2  |i 5279879  |o 248.8943 OBR 1915  |p 5279879  |r 2024-01-18  |w 2019-11-24  |y BK_X  |z Catalogado en:20160407  |k OFM 
952 |0 0  |1 0  |3 erd  |4 0  |6 248_894300000000000_OBR_1915  |7 0  |8 X  |9 474944  |a BIBTEO  |b BIBTEO  |c TEO_FFR  |h t.4  |i 5279887  |o 248.8943 OBR 1915  |p 5279887  |r 2024-01-18  |w 2019-11-24  |y BK_X  |z Catalogado en:20160407  |k OFM 
952 |0 0  |1 0  |3 erd  |4 0  |6 248_894300000000000_OBR_1915  |7 0  |8 X  |9 474945  |a BIBTEO  |b BIBTEO  |c TEO_FFR  |h t.6  |i 5279895  |o 248.8943 OBR 1915  |p 5279895  |r 2024-01-18  |w 2019-11-24  |y BK_X  |z Catalogado en:20160407  |k OFM 
952 |0 0  |1 0  |3 erd  |4 0  |6 248_894300000000000_OBR_1915  |7 0  |8 X  |9 474946  |a BIBTEO  |b BIBTEO  |c TEO_FFR  |h t.7  |i 5279909  |o 248.8943 OBR 1915  |p 5279909  |r 2024-01-18  |w 2019-11-24  |y BK_X  |z Catalogado en:20160407  |k OFM 
952 |0 0  |1 0  |3 erd  |4 0  |6 248_894300000000000_OBR_1915  |7 0  |8 X  |9 474947  |a BIBTEO  |b BIBTEO  |c TEO_FFR  |h t.8  |i 5279917  |o 248.8943 OBR 1915  |p 5279917  |r 2024-01-18  |w 2019-11-24  |y BK_X  |z Catalogado en:20160407  |k OFM 
952 |0 0  |1 0  |3 erd  |4 0  |6 248_894300000000000_OBR_1915  |7 0  |8 X  |9 474948  |a BIBTEO  |b BIBTEO  |c TEO_FFR  |h t.9  |i 5279925  |o 248.8943 OBR 1915  |p 5279925  |r 2024-01-18  |w 2019-11-24  |y BK_X  |z Catalogado en:20160407  |k OFM